<?xml version="1.0" encoding="UTF-8"?>
<record
    xmlns:xsi="http://www.w3.org/2001/XMLSchema-instance"
    xsi:schemaLocation="http://www.loc.gov/MARC21/slim http://www.loc.gov/standards/marcxml/schema/MARC21slim.xsd"
    xmlns="http://www.loc.gov/MARC21/slim">

  <leader>01043nam0a22002651  4500</leader>
  <controlfield tag="001">rc\4315826</controlfield>
  <controlfield tag="005">20260408082619.0</controlfield>
  <datafield tag="021" ind1=" " ind2=" ">
    <subfield code="a">RU</subfield>
    <subfield code="b">&#x420;&#x433;2898-67</subfield>
  </datafield>
  <datafield tag="021" ind1=" " ind2=" ">
    <subfield code="a">RU</subfield>
    <subfield code="b">67-7590</subfield>
  </datafield>
  <datafield tag="035" ind1=" " ind2=" ">
    <subfield code="a">(NLR Aleph) 008263141</subfield>
  </datafield>
  <datafield tag="090" ind1=" " ind2=" ">
    <subfield code="a">8409776</subfield>
    <subfield code="c">8409776</subfield>
  </datafield>
  <datafield tag="100" ind1=" " ind2=" ">
    <subfield code="a">20130416d1966    |||y0rusy50      ca</subfield>
  </datafield>
  <datafield tag="101" ind1="0" ind2=" ">
    <subfield code="a">rus</subfield>
  </datafield>
  <datafield tag="102" ind1=" " ind2=" ">
    <subfield code="a">RU</subfield>
  </datafield>
  <datafield tag="105" ind1=" " ind2=" ">
    <subfield code="a">a   z   |||||</subfield>
  </datafield>
  <datafield tag="200" ind1="1" ind2=" ">
    <subfield code="a">&#x412;&#x438;&#x431;&#x440;&#x430;&#x442;&#x43E;&#x440; &#x43E;&#x431;&#x449;&#x435;&#x433;&#x43E; &#x43D;&#x430;&#x437;&#x43D;&#x430;&#x447;&#x435;&#x43D;&#x438;&#x44F; &#x441; &#x43A;&#x440;&#x443;&#x433;&#x43E;&#x432;&#x44B;&#x43C;&#x438; &#x43A;&#x43E;&#x43B;&#x435;&#x431;&#x430;&#x43D;&#x438;&#x44F;&#x43C;&#x438; &#x43C;&#x43E;&#x434;&#x435;&#x43B;&#x438; &#x421;-793</subfield>
    <subfield code="e">&#x41F;&#x430;&#x441;&#x43F;&#x43E;&#x440;&#x442; &#x438; &#x438;&#x43D;&#x441;&#x442;&#x440;&#x443;&#x43A;&#x446;&#x438;&#x44F; &#x43F;&#x43E; &#x44D;&#x43A;&#x441;&#x43F;&#x43B;&#x443;&#x430;&#x442;&#x430;&#x446;&#x438;&#x438;</subfield>
    <subfield code="f">&#x421;&#x421;&#x421;&#x420;. &#x41C;-&#x432;&#x43E; &#x441;&#x442;&#x440;&#x43E;&#x438;&#x442;., &#x434;&#x43E;&#x440;. &#x438; &#x43A;&#x43E;&#x43C;&#x43C;&#x443;&#x43D;. &#x43C;&#x430;&#x448;&#x438;&#x43D;&#x43E;&#x441;&#x442;&#x440;&#x43E;&#x435;&#x43D;&#x438;&#x44F;. &#x417;-&#x434; "&#x41A;&#x440;&#x430;&#x441;&#x43D;&#x44B;&#x439; &#x43C;&#x430;&#x44F;&#x43A;"</subfield>
  </datafield>
  <datafield tag="210" ind1=" " ind2=" ">
    <subfield code="a">&#x42F;&#x440;&#x43E;&#x441;&#x43B;&#x430;&#x432;&#x43B;&#x44C;</subfield>
    <subfield code="c">&#x426;&#x411;&#x422;&#x418;</subfield>
    <subfield code="d">1966</subfield>
  </datafield>
  <datafield tag="215" ind1=" " ind2=" ">
    <subfield code="a">15 &#x441;.</subfield>
    <subfield code="c">&#x438;&#x43B;.</subfield>
    <subfield code="d">20</subfield>
  </datafield>
  <datafield tag="712" ind1="0" ind2="2">
    <subfield code="a">"&#x41A;&#x440;&#x430;&#x441;&#x43D;&#x44B;&#x439; &#x43C;&#x430;&#x44F;&#x43A;", &#x44D;&#x43B;&#x435;&#x43A;&#x442;&#x440;&#x43E;&#x442;&#x435;&#x445;&#x43D;&#x438;&#x447;&#x435;&#x441;&#x43A;&#x438;&#x439; &#x437;&#x430;&#x432;&#x43E;&#x434;</subfield>
    <subfield code="c">&#x42F;&#x440;&#x43E;&#x441;&#x43B;&#x430;&#x432;&#x43B;&#x44C;</subfield>
    <subfield code="3">RU\NLR\AUTH\8810150647</subfield>
    <subfield code="9">795998</subfield>
  </datafield>
  <datafield tag="801" ind1=" " ind2="0">
    <subfield code="a">RU</subfield>
    <subfield code="b">NLR</subfield>
    <subfield code="g">psbo</subfield>
  </datafield>
  <datafield tag="801" ind1=" " ind2="1">
    <subfield code="a">RU</subfield>
    <subfield code="b">ELAR</subfield>
    <subfield code="2">rusmarc</subfield>
  </datafield>
  <datafield tag="852" ind1=" " ind2=" ">
    <subfield code="a">NLR</subfield>
    <subfield code="j">67-4/5435</subfield>
  </datafield>
  <datafield tag="942" ind1=" " ind2=" ">
    <subfield code="c">BOOK</subfield>
  </datafield>
  <datafield tag="980" ind1=" " ind2=" ">
    <subfield code="a">NB</subfield>
  </datafield>
  <datafield tag="995" ind1=" " ind2=" ">
    <subfield code="5">2013-10-26</subfield>
    <subfield code="b">NLR01</subfield>
    <subfield code="c">NLR01</subfield>
    <subfield code="e">RF31</subfield>
    <subfield code="f">8263141-10</subfield>
    <subfield code="k">67-4/5435</subfield>
    <subfield code="o">0</subfield>
    <subfield code="r">BOOK</subfield>
    <subfield code="s">6745435_</subfield>
  </datafield>
</record>
